ARRUPE JESUIT UNIVERSITY

CORONAVIRUS -STOP THE SPREAD - CLEAN,DISINFECT,COVER

Language and the nation : (Record no. 124709)

MARC details
000 -LEADER
fixed length control field 01087cam a2200289 a 4500
001 - CONTROL NUMBER
control field 4404226
003 - CONTROL NUMBER IDENTIFIER
control field ARRUPE
005 - DATE AND TIME OF LATEST TRANSACTION
control field 20160427112146.0
008 - FIXED-LENGTH DATA ELEMENTS--GENERAL INFORMATION
fixed length control field 920604s1991 stk b 001 0 eng
010 ## - LIBRARY OF CONGRESS CONTROL NUMBER
LC control number 92170123
020 ## - INTERNATIONAL STANDARD BOOK NUMBER
International Standard Book Number 0748603069
040 ## - CATALOGING SOURCE
Original cataloging agency DLC
Transcribing agency DLC
Modifying agency DLC
043 ## - GEOGRAPHIC AREA CODE
Geographic area code fs-----
050 00 - LIBRARY OF CONGRESS CALL NUMBER
Classification number PL8007
Item number .B36 1991
082 00 - DEWEY DECIMAL CLASSIFICATION NUMBER
Classification number 306.4/4967
Edition number 20
300 ## - PHYSICAL DESCRIPTION
Dimensions 22 cm.
100 1# - MAIN ENTRY--PERSONAL NAME
Personal name Bamgboṣe, Ayọ.
9 (RLIN) 24109
245 10 - TITLE STATEMENT
Title Language and the nation :
Remainder of title the language question in Sub-Saharan Africa /
Statement of responsibility, etc Ayọ Bamgboṣe.
260 ## - PUBLICATION, DISTRIBUTION, ETC. (IMPRINT)
Place of publication, distribution, etc Edinburgh :
Name of publisher, distributor, etc Edinburgh University Press for the International African Institute,
Date of publication, distribution, etc c1991.
300 ## - PHYSICAL DESCRIPTION
Extent ix, 167 p. ;
504 ## - BIBLIOGRAPHY, ETC. NOTE
Bibliography, etc Includes bibliographical references (p. 149-160) and index.
650 #0 - SUBJECT ADDED ENTRY--TOPICAL TERM
Topical term or geographic name as entry element Language policy
Geographic subdivision Africa, Sub-Saharan.
9 (RLIN) 24110
650 #0 - SUBJECT ADDED ENTRY--TOPICAL TERM
Topical term or geographic name as entry element Multiculturalism
Geographic subdivision Africa, Sub-Saharan.
9 (RLIN) 24111
650 #0 - SUBJECT ADDED ENTRY--TOPICAL TERM
Topical term or geographic name as entry element Nationalism
Geographic subdivision Africa, Sub-Saharan.
9 (RLIN) 15315
906 ## - LOCAL DATA ELEMENT F, LDF (RLIN)
a 7
b cbc
c orignew
d 2
e ncip
f 19
g y-gencatlg
942 ## - ADDED ENTRY ELEMENTS (KOHA)
Source of classification or shelving scheme Library of Congress Classification
Koha item type Monograph ( Printed materials)
Holdings
Withdrawn status Lost status Source of classification or shelving scheme Damaged status Not for loan Collection code Home library Current library Shelving location Date acquired Total Checkouts Full call number Barcode Date last seen Price effective from Koha item type
    Library of Congress Classification     Main Collection ARRUPE LIBRARY ARRUPE LIBRARY Main Collection 27/04/2016   PL8007 .B36 1991 46500006472 29/03/2019 27/04/2016 Monograph ( Printed materials)

 

Arrupe Library. PO Box MP320 Mt Pleasant, Harare, Zimbabwe
263 242 745411|librarian@aju.ac.zw